000 00537nam a2200193Ia 4500
008 101110s9999 xx 000 0 und d
041 _aENGLISH
082 _bSR13512
100 _aMehta & Mehta
245 _aIncome - Tax ready reckoner (Assessment year 1983-84)
365 _b54
520 _aCommerce
546 _aENGLISH
630 _aIncome - Tax ready reckoner (Assessment year 1983-84)
650 _aCommerce
655 _aCommerce
730 _aIncome - Tax ready reckoner (Assessment year 1983-84)
942 _cBOOK
999 _c807734
_d807731